Normal view MARC view
  • Cognition

Entry Topical Term

Number of records used in: 3

001 - CONTROL NUMBER

  • control field: 1873

003 - CONTROL NUMBER IDENTIFIER

  • control field: NUST

005 - DATE AND TIME OF LATEST TRANSACTION

  • control field: 20170601170355.0

008 - FIXED-LENGTH DATA ELEMENTS

  • fixed length control field: 170601|| aca||aabn | a|a d

040 ## - CATALOGING SOURCE

  • Original cataloging agency: NUST
  • Transcribing agency: NUST

150 ## - HEADING--TOPICAL TERM

  • Topical term or geographic name entry element: Cognition
  • Form subdivision: Textbooks.

670 ## - SOURCE DATA FOUND

  • Source citation: Work cat.: (NUST)0: Anderson, John R. (John Robert), 1947- 1871, Cognitive psychology and its implications /, c1990.
© 2023 Central Library, National University of Sciences and Technology. All Rights Reserved.